Villes de France en 18 à 20 lettres - Carte Quiz - Statistiques

Statistiques générales
  • Ce quiz a été pris 460 fois
  • Le résultat moyen est 11 sur 13
Réponses sur la Carte
Les réponses sont colorées sur une échelle allant du rouge au vert en fonction du pourcentage des utilisateurs qui les ont devinées à leur premier essai. Vous pouvez retrouver ces pourcentages ci-dessous.
 
Statistiques - réponses
Réponse % Correct
Boulogne-Billancourt
96%
Cherbourg-en-Contentin
93%
Villeneuve-lès-Avignon
92%
Chalons-en-Champagne
91%
Charleville-Mézières
90%
Sotteville-lès-Rouen
90%
Sainte-Luce-sur-Loire
87%
Saintes-Maries-de-la-Mer
86%
Villefranche-sur-Saône
85%
Montcuq-en-Quercy-Blanc
74%
Mandelieu-la-Napoule
73%
Montereau-Fault-Yonne
71%
Romorantin-Lanthenay
57%
Aucun quiz correspondant
Distribution des résultats
% des personnes avec chaque résultat
Percentile par nombre de réponses
Votre historique - résultats
Vous n’avez pas pris ce quiz